| 000 | 00530nam a2200217Ia 4500 | ||
|---|---|---|---|
| 005 | 20251020182514.0 | ||
| 008 | 200515s9999 xx 000 0 und d | ||
| 082 | _a658.3.055/R71 | ||
| 100 | _aROBBINS, Stephen P. | ||
| 245 | 0 | _aFundamentos del comportamiento organizacional | |
| 250 | _a5a ed. | ||
| 260 | _aMéxico, D.F. | ||
| 260 | _c1997 | ||
| 300 | _a314 | ||
| 500 | _a1 ejemplar | ||
| 650 | _aADMINISTRACION | ||
| 650 | _aCOMPORTAMIENTO ORGANIZACIONAL | ||
| 650 | _aLIB | ||
| 650 | _aORGANIZACION | ||
| 942 | _cLIB | ||
| 999 |
_c1526 _d1526 |
||